Statistics for MLB Top MVP, Cy Young, and ROY 2000

Click here to take the quiz!

General Stats

  • This quiz has been taken 19 times
  • The average score is 26 of 40

Answer Stats

#AnswerTeamPos.% Correct
3Alex RodriguezSEASS
100%
2Barry BondsSFGLF
100%
6Edgar MartínezSEADH
100%
2Frank ThomasCHWDH
100%
3Mike PiazzaNYMC
100%
1Pedro MartinezBOSP
100%
5Pedro MartinezBOSP
100%
1Randy JohnsonARIP
100%
5Todd HeltonCOL1B
100%
8Andruw JonesATLCF
93%
10Derek JeterNYYSS
93%
3Greg MadduxATLP
93%
7Jeff BagwellHOU1B
93%
9Sammy SosaCHCRF
93%
5Todd JonesDETP
93%
2Tom GlavineATLP
93%
6Vladimir GuerreroMONRF
93%
1Jason GiambiOAK1B
87%
1Jeff KentSFG2B
87%
9Nomar GarciaparraBOSSS
87%
6Manny RamirezCLERF
73%
4Andy PettitteNYYP
67%
4Carlos DelgadoTOR1B
67%
4Jim EdmondsSTLCF
67%
2Tim HudsonOAKP
67%
1Rafael FurcalATLSS
60%
3David WellsTORP
47%
9Gary SheffieldLADLF
40%
4Bengie MolinaANAC
33%
8Darin ErstadANALF
27%
5Darryl KileSTLP
27%
1Kazuhiro SasakiSEAP
27%
2Rick AnkielSTLP
27%
2Terrence LongOAKCF
27%
4Pat BurrellPHI1B
20%
3Jay PaytonNYMCF
13%
4Robb NenSFGP
13%
5Kelly WunschCHWP
7%
3Mark QuinnKCRLF
7%
5Mitch MeluskeyHOUC
7%

Score Distribution

Percentile by Number Answered

Percent of People with Each Score

Your Score History

You have not taken this quiz